000 00299nam a2200121Ia 4500
008 190723s9999 xx 000 0 und d
020 _a978-0-19-597804-9
100 _aD.H Howe
245 0 _aEnglish for Undergraduates
260 _aKarachi
_bOxford Uni Press
_c2016
300 _a208.:p
942 _cBK
999 _c1736
_d1736